000 00845nam0a22002411 4500
001 rc\4721734
005 20260407023941.0
021 _aRU
_bРг776-67
035 _a(NLR Aleph) 008442262
090 _a9485980
_c9485980
100 _a20130416d1966 |||y0rusy50 ca
101 0 _arus
102 _aRU
105 _ay z |||||
200 1 _aНовые медицинские изделия
_eАннотир. торг. рекламно-информ. сборник
_fМ-во здрав. СССР. В/О "Союзмедтехника"
210 _aМосква
_cБ. и.
_d1966
215 _a152 с.
_d20
712 0 2 _a"Союзмедтехника", всесоюзное объединение
_9516742
_3RU\NLR\AUTH\8810009501
801 0 _aRU
_bNLR
_gpsbo
801 1 _aRU
_bELAR
_2rusmarc
852 _aNLR
_jПт 40.7/97
942 _cBOOK
980 _aNB